Normal view
MARC view
- Gope,. C.P
Entry Corporate Name
001 - CONTROL NUMBER
- control field: 124315
003 - CONTROL NUMBER IDENTIFIER
- control field: NUST
005 - DATE AND TIME OF LATEST TRANSACTION
- control field: 20240709175112.0
008 - FIXED-LENGTH DATA ELEMENTS
- fixed length control field: 240709|| aca||aabn | a|a d
040 ## - CATALOGING SOURCE
- Original cataloging agency: NUST
- Transcribing agency: NUST
110 ## - HEADING--CORPORATE NAME
- Corporate name or jurisdiction name as entry element: Gope,. C.P
670 ## - SOURCE DATA FOUND
- Source citation: Work cat.: (NUST): Srivavstava,.K.A 124314, Strength of Materials, 2012.
